Tourism development in the southern wheatbelt of Western Australia : from Dryandra woodland to Dryandra country /
Saved in:
| Main Author: | |
|---|---|
| Corporate Author: | |
| Other Authors: | |
| Format: | Book |
| Language: | English |
| Published: |
Gold Coast, Qld. :
CRC for Sustainable Tourism,
2005.
|
| Series: | Technical report (Cooperative Research Centre for Sustainable Tourism (Australia))
|
| Subjects: | |
| Online Access: | Publisher's home page Murdoch Research Repository |
| LEADER | 01884cam a2200457 a 4500 | ||
|---|---|---|---|
| 001 | c000406996 | ||
| 003 | CARM | ||
| 005 | 20220608183151.0 | ||
| 007 | ta | ||
| 008 | 220608s2005 qeaa b 000 0 eng d | ||
| 019 | 1 | |a 26746820 | |
| 020 | |a 1920704337 : |c $35.00 | ||
| 035 | |a (OCoLC)224094198 | ||
| 040 | |a ANL |b eng |d ANL |d ANL | ||
| 042 | |a anuc | ||
| 043 | |a u-at-we | ||
| 050 | 4 | |a G155.A89 |b H83 2005 | |
| 082 | 0 | 4 | |a 338.4791941 |2 22 |
| 100 | 1 | |a Hughes, Michael, |d 1971- | |
| 245 | 1 | 0 | |a Tourism development in the southern wheatbelt of Western Australia : |b from Dryandra woodland to Dryandra country / |c Michael Hughes and Jim Macbeth. |
| 260 | |a Gold Coast, Qld. : |b CRC for Sustainable Tourism, |c 2005. | ||
| 300 | |a viii, 55 p. : |b ill. ; |c 30 cm. | ||
| 490 | 1 | |a Technical report | |
| 500 | |a Cover title. | ||
| 504 | |a Bibliography: p. 53-54. | ||
| 530 | |a Also available online via the World Wide Web. | ||
| 650 | 0 | |a Tourism |z Western Australia |z Dryandra. | |
| 650 | 0 | |a Tourist trade |z Western Australia |z Dryandra. | |
| 651 | 0 | |a Dryandra (W.A.) |x Economic conditions. | |
| 655 | 7 | |a Electronic books. |2 lcsh | |
| 700 | 1 | |a Macbeth, Jim. | |
| 710 | 2 | |a Cooperative Research Centre for Sustainable Tourism | |
| 852 | 8 | |b CARM |i F11025 |p 0543326 |f BK | |
| 852 | 8 | |b SCAN |h A3:AP05D0 |i F11025 |p 0543326 |f BK | |
| 852 | 8 | |b SCAN |h A3:AP05D0 |i F11025 |p 0543326 |f BK | |
| 830 | 0 | |a Technical report (Cooperative Research Centre for Sustainable Tourism (Australia)) | |
| 856 | 4 | |z Publisher's home page |u http://www.crctourism.com.au | |
| 856 | 4 | 1 | |u http://researchrepository.murdoch.edu.au/3590 |z Murdoch Research Repository |
| 999 | f | f | |i 31b5d3be-421c-5a4a-bfaf-3014d9accdcf |s 3649077d-8138-5941-a13b-a3dd9020112f |
| 952 | f | f | |p Can circulate |a CAVAL |b CAVAL |c CAVAL |d CARM 1 Store |e F11025 |h Other scheme |i book |m 0543326 |
| 952 | f | f | |a CAVAL |b CAVAL |c CAVAL |d Unmapped Location |e F11025 |f A3:AP05D0 |h Other scheme |